Poetas españoles contemporáneos

Saved in:
Bibliografiske detaljer
Hovedforfatter: Alonso, Dámaso (Author)
Format: Bog
Sprog:spansk
Udgivet: Madrid Gredos 1952
Serier:Biblioteca Románica Hispánica. Estudios y Ensayos, 2
Fag:
Tags: Tilføj Tag
Ingen Tags, Vær først til at tagge denne postø!

MARC

LEADER 00000nam a2200000 a 4500
001 UCU9368
003 CL-VaPUC
008 960816e19520000SP |||||||||||||||||spa|d
082 0 4 |a 861.09  |b ALO  |2 21 
100 |a Alonso, Dámaso  |e author  |9 346623 
245 1 0 |a Poetas españoles contemporáneos 
300 |a 446 p 
942 |c BK 
945 |d 19960816 00:00:00  |a rbrito 
260 |a Madrid  |b Gredos  |c 1952 
600 0 7 |a BECQUER, GUSTAVO ADOLFO  |2 CL-VaPUC  |9 317836 
600 0 |a Machado Ruíz, Antonio,   |d 1875-1939  |9 389743 
600 0 7 |a SALINAS, PEDRO  |2 CL-VaPUC  |9 346622 
600 0 |a García Lorca, Federico   |e autor   |9 315690 
600 0 7 |a GUILLEN, JORGE  |2 CL-VaPUC  |9 338659 
650 0 |a Poesía española  |9 264938 
650 0 |a Crítica literaria   |9 269189 
650 0 |a Crítica e interpretación   |9 255042 
583 |a last modification  |c 19960816 00:00:00  |k Rodrigo Vera 
490 0 |a Biblioteca Románica Hispánica. Estudios y Ensayos, 2 
999 |c 251126  |d 251124 
952 |0 0  |1 0  |4 0  |6 861_090000000000000_ALO_1952  |7 0  |8 A  |9 270091  |a BIBEDU  |b BIBEDU  |d 2019-11-19  |i 3220907  |o 861.09 ALO 1952  |p 3220907  |r 2019-11-19  |w 2019-11-19  |y BK  |k LIT 
952 |0 0  |1 0  |4 0  |6 861_090000000000000_ALO_1952  |7 0  |8 A  |9 270092  |a BIBEDU  |b BIBEDU  |d 2019-11-19  |i 1467468  |o 861.09 ALO 1952  |p 1467468  |r 2019-11-19  |w 2019-11-19  |y BK  |k LIT